Library Banner

The Routledge history of terrorism/ (Record no. 86947)

MARC details
000 -LEADER
fixed length control field 00452nam a2200181Ia 4500
001 - CONTROL NUMBER
control field 73803
008 - FIXED-LENGTH DATA ELEMENTS--GENERAL INFORMATION
fixed length control field 160804s9999||||xx |||||||||||||| ||und||
020 ## - INTERNATIONAL STANDARD BOOK NUMBER
International Standard Book Number 9780415535779
040 ## - CATALOGING SOURCE
Transcribing agency PK-LaUMT
082 ## - DEWEY DECIMAL CLASSIFICATION NUMBER
Classification number 363.32509
Item number ROU-
100 ## - MAIN ENTRY--PERSONAL NAME
Personal name Law, Randall D.
245 #4 - TITLE STATEMENT
Title The Routledge history of terrorism/
Statement of responsibility, etc Law, Randall D.
260 ## - PUBLICATION, DISTRIBUTION, ETC. (IMPRINT)
Place of publication, distribution, etc London:
Name of publisher, distributor, etc Routledge,
Date of publication, distribution, etc 2015
300 ## - PHYSICAL DESCRIPTION
Extent 527 p.
546 ## - LANGUAGE NOTE
Language note EN
650 ## - SUBJECT ADDED ENTRY--TOPICAL TERM
Topical term or geographic name as entry element Terrorism-History
942 ## - ADDED ENTRY ELEMENTS (KOHA)
Koha item type Books
Holdings
Withdrawn status Lost status Damaged status Not for loan Home library Current library Date acquired Total Checkouts Full call number Barcode Date last seen Price effective from Koha item type
        UMT Main Campus UMT Main Campus 2016-04-08   363.32509 ROU- 101146 2016-08-04 2016-08-04 Books